| 000 | 01148nam a2200301 a 4500 | ||
|---|---|---|---|
| 001 | 000024488 | ||
| 003 | OSt | ||
| 005 | 20240228142235.0 | ||
| 008 | 110128s2010 dr ad 000 0 spa d | ||
| 020 |
_a9789945862577 _q T.1. |
||
| 020 |
_a9789945862560 _qobra completa |
||
| 040 |
_aDO-SdBNP _bspa _cBNPHU |
||
| 041 | _hspa | ||
| 082 | 4 |
_a467.97293 _bM433c _222 |
|
| 100 | 1 |
_aMatos Moquete, Manuel, _d1944- _96349 |
|
| 245 | 1 | 0 |
_aCien años de la enseñanza del español en República Dominicana / _cManuel Matos Moquete. |
| 260 |
_aSanto Domingo : _bInstituto Superior de Formación Docente Salomé Ureña, _c2010. |
||
| 300 |
_av. ; _c24 cm. |
||
| 500 | _aIncluye datos biográficos del autor en las solapas. | ||
| 500 | _aLa biblioteca posee el v. 1. | ||
| 500 | _aIncluye referencias bibliográficas y notas al pie de las páginas. | ||
| 505 | 0 |
_gv.1 _aDe Hostos a Pedro Henríquez Ureña |
|
| 590 | _aInventariado, 2018/LP | ||
| 650 | 4 |
_aEspañol _xEnseñanza _yREPÚBLICA DOMINICANA _xHistoria _950188 |
|
| 650 | 4 |
_aEspañol en república dominicana _xHistoria _937468 |
|
| 910 | _aValidado. Control de calidad EMS | ||
| 942 |
_2ddc _cLBS1 |
||
| 999 |
_c23981 _d23981 |
||